000 00932nam a2200229Ia 4500
999 _c39897
_d39897
001 6502
003 GE_BSU
005 20191009175914.0
008 181216s1957||||ge |||||||||||||| ||geo||
040 _cGE_BSU
041 _ageo
080 _a821.353.1-32 ბ-45
100 _aბელიაშვილი, აკაკი
_94491
245 _aძალა სიყვარულისა :
_bმოთხრობები და ნარკვევები /
_cაკაკი ბელიაშვილი ; რედ. გ. მელაძე.
264 _aთბილისი :
_bსაბჭ.მწერალი ;
_c1957.
300 _a211 გვ. ;
_c21სმ.
653 _aძალა სიყვარულისა
653 _aმოთხრობები
653 _a ნარკვევები
700 _aმელაძე, გ.
_eრედაქტორი
_94663
942 _cBK
_2udc